| 000 | 01758nam a2200445Ii 4500 | ||
|---|---|---|---|
| 001 | DIGCOLMX0031 | ||
| 003 | NyNyDIG | ||
| 007 | cr ||||||||||| | ||
| 008 | 211112s2020 mx a ob 000 0 spa d | ||
| 006 | m o d | ||
| 035 | _a(OCoLC)1287829241 | ||
| 040 |
_aDGITA _beng _erda _epn _cDGITA |
||
| 020 |
_a9786075642635 _qeBook |
||
| 020 | _z9786075642161 | ||
| 043 | _an-mx--- | ||
| 050 | 1 | 4 | _aHQ799.9.P6 ebook |
| 082 | 1 | 4 | _a305.2350972 |
| 100 | 1 |
_aUrbina Cortés, Gustavo Adolfo, _eauthor. |
|
| 245 | 1 | 0 |
_aFicciones democráticas : _bun estudio sobre desigualdades sociales tornadas en asimetrías políticas / _cGustavo A. Urbina Cortés. |
| 250 | _aPrimera edición electrónica. | ||
| 264 | 1 |
_aCiudad de México : _bEl Colegio de México, _c2020. |
|
| 300 |
_a1 online resource : _billustrations. |
||
| 336 |
_atext _btxt _2rdacontent |
||
| 337 |
_acomputer _bc _2rdamedia |
||
| 338 |
_aonline resource _bcr _2rdacarrier |
||
| 347 |
_atext file _2rdaft |
||
| 347 | _bEPUB | ||
| 504 | _aIncludes bibliographical references. | ||
| 588 | 0 | _aOnline resource; title from ePub title page (Digitalia, viewed November 12, 2021) | |
| 650 | 0 |
_aEquality _zMexico. |
|
| 650 | 0 |
_aYoung adults _zMexico _xSocial conditions. |
|
| 650 | 0 |
_aYoung adults _xPolitical activity _zMexico. |
|
| 655 | 0 | _aElectronic books. | |
| 791 | 2 |
_aDigitalia (Firm), _edistributor. |
|
| 793 | 0 |
_gDigitalia eBook Collection: _aEl Colegio de México |
|
| 776 | 0 | 8 |
_iPrint version: _aUrbina Cortés, Gustavo Adolfo. _tFicciones democráticas. _bPrimera edición. _dCiudad de México : El Colegio de México, 2020 _z9786075642161 |
| 856 | 4 | 0 |
_3Digitalia Hispánica _uhttps://www.digitaliapublishing.com/a/102642/ |
| 910 | _aPremium collection: 2021 | ||
| 942 | _cRAA | ||
| 999 |
_c269048 _d269048 |
||